[Event "FRA-chT3 Gr01 0607"]
[Site "France"]
[Date "2007.03.31"]
[Round "8.8"]
[White "Gauffriaud, Carine"]
[Black "Martinez, Carole"]
[Result "0-1"]
[WhiteElo "1848"]
[BlackElo "1590"]
[PlyCount "52"]
[EventDate "2006.10.15"]
[EventType "team"]
[EventRounds "9"]
[EventCountry "FRA"]
[SourceTitle "EXT 2008"]
[Source "ChessBase"]
[SourceDate "2007.11.25"]
[SourceVersion "1"]
[SourceVersionDate "2007.11.25"]
[SourceQuality "1"]

1. e4 d6 2. d4 Nf6 3. Bd3 Nc6 4. c3 Bd7 5. Nf3 e5 6. 0-0 g6 7. Bg5 Bg7 8. Qd2 h6 9. Be3 Ng4 10. Bc4 Na5 11. Bd3 Nc6 12. h3 Nxe3 13. Qxe3 Qe7 14. Nbd2 a6 15. a3 g5 16. d5 Na7 17. Nh2 h5 18. f3 Bh6 19. Qf2 Nc8 20. b4 Qf6 21. Qe2 Qf4 22. Rad1 Ne7 23. c4 Ng6 24. Qf2 Qf6 25. c5 Nf4 26. Bc4 Bxh3 0-1